|
|
|
|
| LEADER |
00000naa0a2200000 4500 |
| 001 |
640230 |
| 005 |
20250303142834.0 |
| 035 |
|
|
|a (RuTPU)RU\TPU\network\4776
|
| 090 |
|
|
|a 640230
|
| 100 |
|
|
|a 20150414a2015 k y0rusy50 ca
|
| 101 |
0 |
|
|a rus
|
| 102 |
|
|
|a RU
|
| 135 |
|
|
|a drcn ---uucaa
|
| 181 |
|
0 |
|a i
|
| 182 |
|
0 |
|a b
|
| 200 |
1 |
|
|a Роль академической мобильности в повышении мотивации студентов ТПУ в изучении иностранного языка
|f А. Ю. Остроумова
|
| 203 |
|
|
|a Текст
|c электронный
|
| 300 |
|
|
|a Заглавие с экрана
|
| 320 |
|
|
|a [Библиогр.: с. 843 (6 назв.)]
|
| 461 |
|
|
|t Молодой ученый
|o ежемесячный научный журнал
|d 2008-
|
| 463 |
|
|
|t № 7
|v [С. 840-843]
|d 2015
|
| 610 |
1 |
|
|a электронный ресурс
|
| 610 |
1 |
|
|a труды учёных ТПУ
|
| 610 |
1 |
|
|a студенты
|
| 610 |
1 |
|
|a иностранный язык
|
| 610 |
1 |
|
|a академическая мобильность
|
| 700 |
|
1 |
|a Остроумова
|b А. Ю.
|c лингвист
|c преподаватель Томского политехнического университета
|f 1981-
|g Алина Юрьевна
|3 (RuTPU)RU\TPU\pers\30944
|9 15182
|
| 712 |
0 |
2 |
|a Национальный исследовательский Томский политехнический университет (ТПУ)
|b Институт природных ресурсов (ИПР)
|b Кафедра иностранных языков (ИЯПР)
|3 (RuTPU)RU\TPU\col\18662
|
| 801 |
|
2 |
|a RU
|b 63413507
|c 20150415
|g RCR
|
| 856 |
4 |
0 |
|u http://www.moluch.ru/archive/87/16692/
|
| 942 |
|
|
|c CF
|